000 00554nam a2200169Ia 4500
003 GCL
008 140319s9999 xx 000 0 ara d
040 _aGCL /
_cGCL
082 0 4 _a245
_bم ح
100 1 _aمحمود اسماعيل
245 1 0 _aالحركات السرية فى الاسلام: رؤية عصرية /
_cمحمود اسماعيل
300 _a285 ص
490 _aالهيئة العامة للاستعلامات
_v0
650 0 4 _aالتاريخ الاسلامى
650 0 4 _aالاسلام - دعوات سلفية
942 _2ddc
_cBK
999 _c40065
_d40065